| 000 | 00624nam a2200193 i 4500 | ||
|---|---|---|---|
| 001 | 97605 | ||
| 003 | ES-MaACL | ||
| 005 | 20230906182130.0 | ||
| 007 | t| | ||
| 008 | 050714s1973 sp ||||1| spa d | ||
| 245 | 0 | 0 |
_aMaría y la gracia _b: influencia y ejemplaridad de la Virgen en la Iglesia / _cSociedad Mariológica Española. |
| 260 |
_aMadrid : _bCoculsa, _c1973. |
||
| 300 |
_a287 p. ; _c23 cm. |
||
| 490 | 1 |
_aEstudios marianos ; _vXXXVII |
|
| 710 | 2 |
_aSociedad Mariológica Española. _96790 |
|
| 830 | 0 |
_aEstudios marianos ; _vXXXVII _9186902 |
|
| 852 |
_aES-MaACL _jC-56268 _bR.88848 |
||
| 999 |
_c97605 _d97605 |
||